Assessment of the effect of the applacation of weeder on rice yield, ការវាយតំលៃលើឥទ្ធិពល នៃការប្រើប្រាស់ឧបករណ៏ជ្រោយដី និងជំរះស្មៅទៅលើទិន្នផលស្រូូវ (Record no. 4603)

000 -LEADER
fixed length control field 00649nam a22001577a 4500
003 - CONTROL NUMBER IDENTIFIER
control field OSt
005 - DATE AND TIME OF LATEST TRANSACTION
control field 20151216153604.0
008 - FIXED-LENGTH DATA ELEMENTS--GENERAL INFORMATION
fixed length control field 151216b xxu||||| |||| 00| 0 eng d
040 ## - CATALOGING SOURCE
Transcribing agency RUA
082 ## - DEWEY DECIMAL CLASSIFICATION NUMBER
Classification number ATM HOU 2002 Or.1
100 ## - MAIN ENTRY--PERSONAL NAME
9 (RLIN) 4955
Personal name HOURT, DOK.
245 ## - TITLE STATEMENT
Title Assessment of the effect of the applacation of weeder on rice yield, ការវាយតំលៃលើឥទ្ធិពល នៃការប្រើប្រាស់ឧបករណ៏ជ្រោយដី និងជំរះស្មៅទៅលើទិន្នផលស្រូូវ
260 ## - PUBLICATION, DISTRIBUTION, ETC. (IMPRINT)
Place of publication, distribution, etc. Phnom Penh
Name of publisher, distributor, etc. RUA
Date of publication, distribution, etc. 2002
300 ## - PHYSICAL DESCRIPTION
Extent 38p.
Other physical details ill.
Dimensions 29cm.
942 ## - ADDED ENTRY ELEMENTS (KOHA)
Source of classification or shelving scheme
Koha item type ATM
Holdings
Price effective from Date last seen Permanent Location Not for loan Date acquired Source of classification or shelving scheme Koha item type Lost status Withdrawn status Date last checked out Total Checkouts Shelving location Damaged status Barcode Current Location Full call number
2015-12-162016-08-05Library Block B 2015-12-16 ATM  2016-07-151B192 RUA037917Library Block BATM HOU 2002 B192 Or.1
2015-12-162019-04-02Library Block B 2015-12-16 ATM  2019-03-061B192 RUA037843Library Block BATM HOU 2002 B192 Or.2
2015-12-162015-12-16Library Block B 2015-12-16 ATM    B192 RUA037973Library Block BATM HOU 2002 B192 Or.3
2015-12-162016-07-03Library Block B 2015-12-16 ATM  2016-06-161B192 RUA037921Library Block BATM HOU 2002 B192 Or.4
2015-12-162015-12-16Library Block B 2015-12-16 ATM    B192 RUA036725Library Block BATM HOU 2002 B192 Or.5
មជ្ឈមណ្ឌលឯការនៃសាកលវិទ្យាល័យភូមិន្ទកសិកម្មចំការដូង

Powered by Koha